Planning for excellence : (Record no. 2965)

000 -LEADER
fixed length control field 02222nam a2200505 a 4500
003 - CONTROL NUMBER IDENTIFIER
control field AKMAL
005 - DATE AND TIME OF LATEST TRANSACTION
control field 20170519082403.0
008 - FIXED-LENGTH DATA ELEMENTS--GENERAL INFORMATION
fixed length control field 170519s2006 my a e | 000 0 eng d
020 ## - INTERNATIONAL STANDARD BOOK NUMBER
International Standard Book Number 9833109152 (kkt.):
Terms of availability RM25.00
040 ## - CATALOGING SOURCE
Original cataloging agency AKMAL
082 04 - DEWEY DECIMAL CLASSIFICATION NUMBER
Classification number 658.048 SAC
Edition number 22
090 00 - LOCALLY ASSIGNED LC-TYPE CALL NUMBER (OCLC); LOCAL CALL NUMBER (RLIN)
Classification number (OCLC) (R) ; Classification number, CALL (RLIN) (NR) 658.048
Local cutter number (OCLC) ; Book number/undivided call number, CALL (RLIN) SAC
100 1# - MAIN ENTRY--PERSONAL NAME
Personal name Sachi Sellasamy
9 (RLIN) 6199
245 10 - TITLE STATEMENT
Title Planning for excellence :
Remainder of title Strategic management for public sector organizations /
Statement of responsibility, etc. Sachi Sellasamy
260 ## - PUBLICATION, DISTRIBUTION, ETC.
Place of publication, distribution, etc. Kuala Lumpur :
Name of publisher, distributor, etc. Institut Tadbiran Awam Negara,
Date of publication, distribution, etc. 2006
300 ## - PHYSICAL DESCRIPTION
Extent ix, 97ms. :
Other physical details ill. ;
Dimensions 23cm. +
Accompanying material 1 template CD-ROM
504 ## - BIBLIOGRAPHY, ETC. NOTE
Bibliography, etc. note Bibliography : p. 95-96
650 10 - SUBJECT ADDED ENTRY--TOPICAL TERM
Topical term or geographic name entry element Public administration
9 (RLIN) 4050
650 10 - SUBJECT ADDED ENTRY--TOPICAL TERM
Topical term or geographic name entry element Strategic planning
9 (RLIN) 6200
942 ## - ADDED ENTRY ELEMENTS (KOHA)
Source of classification or shelving scheme
Koha item type Book
Holdings
Withdrawn status Lost status Source of classification or shelving scheme Damaged status Not for loan Collection code Home library Current library Shelving location Date acquired Inventory number Total Checkouts Full call number Barcode Date last seen Price effective from Koha item type
          NON-FICTION AKMAL Melaka AKMAL Melaka PINJAMAN 19.05.2017 602448   658.048 SAC 201703768 19.05.2017 19.05.2017 Book
Pusat Sumber Maklumat Dato' Haji Sarmin Md Hussin, Akademi Kastam Diraja Malaysia, Melaka
Tel: 06-2331106 | Faks: 06-2313787